| 000 | 00455nam a22001817a 4500 | ||
|---|---|---|---|
| 003 | OSt | ||
| 005 | 20240522165011.0 | ||
| 008 | 240522b |||||||| |||| 00| 0 eng d | ||
| 020 | _a0521371406 | ||
| 040 | _cDDC | ||
| 082 | _a530.12 SAL 1990 | ||
| 100 | _4Salam Abdus | ||
| 245 | _aUnification of Fundamental Forces. | ||
| 260 |
_aNY, _bCambridge University, _c1990. |
||
| 300 |
_aix;143p, _bill, _c19cm. |
||
| 650 |
_aPhysics _9809 |
||
| 942 |
_2ddc _cO_SHELF |
||
| 999 |
_c8346 _d8346 |
||